Trojstranné prípady v medzinárodnom daňovom práve

Trojstranné prípady platnosti medzinárodných zmlúv na zamedzenie dvojakého zdanenia. Prípady súvisiace so stálou prevádzkarňou. Podoby trojstranných prípadov súvisiacich s dvojnásobným domicilom podniku v dvoch štátoch. Zápočet dane v štáte sídla stálej prevádzkarne. Daň pri zdroji pri trojstranných...

Descripción completa

Guardado en:
Detalles Bibliográficos
Autor principal: Pompura, Ladislav
Formato: Capítulo de libro
Lenguaje:eslovaco
Materias:
Etiquetas: Agregar Etiqueta
Sin Etiquetas, Sea el primero en etiquetar este registro!

MARC

LEADER 00000naa a2200000 4500
001 r022227
005 20230801110047.7
041 0 |a slo 
044 |a SK 
245 1 0 |a Trojstranné prípady v medzinárodnom daňovom práve  |c Ladislav Pompura 
520 |a Trojstranné prípady platnosti medzinárodných zmlúv na zamedzenie dvojakého zdanenia. Prípady súvisiace so stálou prevádzkarňou. Podoby trojstranných prípadov súvisiacich s dvojnásobným domicilom podniku v dvoch štátoch. Zápočet dane v štáte sídla stálej prevádzkarne. Daň pri zdroji pri trojstranných prípadoch. 
610 2 0 |a OECD 
610 2 0 |a 1992-1996 
610 2 0 |a právo medzinárodné 
610 2 0 |a zmluvy medzinárodné 
610 2 0 |a zdanenie dvojité 
610 2 0 |a dane 
100 1 |a Pompura, Ladislav